000 00575nam a2200217Ia 4500
003 BUBTL
008 151213s9999 xx 000 0 und d
020 _a0132428849
082 _a658.85/ M3423p/ 1997
100 _aR. B Marks
_92520
245 _aPersonal Selling
_cR. B Marks
250 _a6th
260 _aNew Jersey
_bPrentic Hall
_cc1997
300 _a[xix],585p. :
_bill. ; 15cm.
521 _aIncludes Index.
650 _aMarketing
_92521
700 _aR. B Marks
_92520
856 _k0
_l0
_yDownload
942 _2ddc
_cBK
999 _c1855
_d1855